[Event "IECG QN.2003.0.00266 email "]
[Site "IECG email"]
[Date "2003.03.27"]
[Round "?"]
[White "Hendershot, Paul"]
[Black "Popov, Andrei"]
[Result "0-1"]
[WhiteElo "750"]
[BlackElo "800"]
[PlyCount "58"]
[EventDate "2003.03.27"]
[EventType "tourn (corr)"]
[EventRounds "6"]
[SourceTitle "Corr 2008"]
[Source "ChessBase"]
[SourceDate "2008.06.24"]
[SourceVersion "1"]
[SourceVersionDate "2008.06.24"]
[SourceQuality "1"]

1. e4 e5 2. d3 Nf6 3. Nf3 Nc6 4. Be2 Be7 5. 0-0 0-0 6. Be3 d5 7. exd5 Nxd5 8. Nc3 Nxc3 9. bxc3 Bf5 10. Rb1 b6 11. d4 Qd5 12. c4 Qd6 13. d5 Nb4 14. a3 Bxc2 15. Qc1 Bxb1 16. Qxb1 Na6 17. c5 Nxc5 18. Rd1 Rfd8 19. Bc4 c6 20. Bg5 e4 21. Bxe7 Qxe7 22. Qb4 exf3 23. g3 cxd5 24. Bxd5 Qe2 25. Re1 Rxd5 26. Rxe2 fxe2 27. Kg2 Rd1 28. Qc3 e1Q 29. Qf3 Qf1# 0-1